[Event "IBCA Wch blind 14th"]
[Site "Cagliari"]
[Date "2019.04.09"]
[Round "4"]
[White "Kolpakov, Vladyslav"]
[Black "Magnusson, Jorgen"]
[Result "1-0"]
[WhiteElo "2150"]
[BlackElo "2301"]
[PlyCount "151"]
[EventDate "2019.04.06"]
[EventType "swiss"]
[EventRounds "9"]
[EventCountry "ITA"]
[SourceTitle "CBM 189 Extra"]
[Source "ChessBase"]
[SourceDate "2019.05.31"]
[SourceVersion "1"]
[SourceVersionDate "2019.05.31"]
[SourceQuality "1"]

1. e4 c5 2. Nf3 g6 3. d4 cxd4 4. Nxd4 Nc6 5. Nc3 Bg7 6. Be3 Nf6 7. Bc4 0-0 8. Bb3 d5 9. exd5 Na5 10. Qf3 Bg4 11. Qg3 Nxb3 12. axb3 Bh5 13. d6 Ng4 14. Ne4 exd6 15. 0-0 Re8 16. Nc3 Be5 17. f4 Bg7 18. Bf2 Nxf2 19. Qxf2 Qb6 20. Ndb5 d5 21. Qxb6 axb6 22. Nc7 Bd4+ 23. Kh1 Rxa1 24. Rxa1 Rd8 25. h3 Bxc3 26. bxc3 f5 27. Rg1 Rd7 28. Ne6 Re7 29. Nd4 Re3 30. Kh2 g5 31. fxg5 f4 32. Ra1 Rxc3 33. Ra8+ Kf7 34. Rb8 Rc7 35. Rd8 Bg6 36. Rxd5 Bxc2 37. Nxc2 Rxc2 38. Rf5+ Kg6 39. Rxf4 Kxg5 40. Rf7 h5 41. Rxb7 Rc6 42. Rg7+ Kf6 43. Rd7 Kg6 44. Kg3 Kh6 45. Kf4 Rf6+ 46. Ke4 Rg6 47. Kf3 Rf6+ 48. Ke4 Rg6 49. Rd2 Rg3 50. Rb2 Kg5 51. b4 Kh4 52. Rf2 Rg6 53. g4 hxg4 54. hxg4 Kg3 55. Rf4 Rg5 56. Ke3 Rb5 57. Rd4 Rg5 58. Kd3 Kf3 59. Rc4 Rd5+ 60. Kc3 Kg3 61. Rc6 Kxg4 62. Rxb6 Kf4 63. Re6 Kf5 64. Re1 Rd8 65. b5 Rc8+ 66. Kb4 Rc2 67. b6 Rb2+ 68. Kc5 Rc2+ 69. Kb5 Rb2+ 70. Kc6 Rc2+ 71. Kd7 Rd2+ 72. Kc7 Rc2+ 73. Kb8 Rb2 74. b7 Rb3 75. Ra1 Ke6 76. Ka7 1-0

[Event "IBCA-ol blind 15th"]
[Site "Ohrid"]
[Date "2017.06.27"]
[Round "8.1"]
[White "Znuderl, Matej"]
[Black "Magnusson, Jorgen"]
[Result "0-1"]
[WhiteElo "1964"]
[BlackElo "2290"]
[PlyCount "48"]
[EventDate "2017.06.19"]
[EventType "team-swiss"]
[EventRounds "9"]
[EventCountry "MKD"]
[SourceTitle "CBM 179 Extra"]
[Source "ChessBase"]
[SourceDate "2017.08.23"]
[SourceVersion "1"]
[SourceVersionDate "2017.08.23"]
[SourceQuality "1"]
[WhiteTeam "Slovenia"]
[BlackTeam "Sweden"]
[WhiteTeamCountry "SLO"]
[BlackTeamCountry "SWE"]

1. e4 c5 2. Nf3 g6 3. d4 cxd4 4. Qxd4 Nf6 5. Nc3 Nc6 6. Qa4 Bg7 7. e5 Ng8 8. Bf4 f6 9. exf6 Nxf6 10. 0-0-0 0-0 11. Bc4+ Kh8 12. Ng5 d5 13. Nxd5 Nxd5 14. Bxd5 Qb6 15. Bb3 Nd4 16. Qc4 Nxb3+ 17. axb3 Qf6 18. Be3 Qxb2+ 19. Kd2 Bf5 20. Rc1 Rac8 21. Nf7+ Rxf7 22. Qxf7 Rxc2+ 23. Rxc2 Qxc2+ 24. Ke1 Bc3+ 0-1

[Event "IBCA-ol blind 14th"]
[Site "Chennai"]
[Date "2012.08.14"]
[Round "5.1"]
[White "Magnusson, Jorgen"]
[Black "Nizam, Rasim"]
[Result "1-0"]
[WhiteElo "2273"]
[BlackElo "2232"]
[PlyCount "93"]
[EventDate "2012.08.10"]
[EventType "team-swiss"]
[EventRounds "9"]
[EventCountry "IND"]
[SourceTitle "CBM 149 Extra"]
[Source "ChessBase"]
[SourceDate "2012.08.24"]
[SourceVersion "1"]
[SourceVersionDate "2012.08.24"]
[SourceQuality "1"]
[WhiteTeam "Sweden"]
[BlackTeam "Bulgaria"]
[WhiteTeamCountry "SWE"]
[BlackTeamCountry "BUL"]

1. g3 d5 2. f4 Nf6 3. Nf3 c5 4. Bg2 Nc6 5. 0-0 e6 6. d3 Be7 7. Qe1 d4 8. Na3 0-0 9. e4 dxe3 10. Bxe3 Rb8 11. Rd1 b5 12. Ne5 Nxe5 13. fxe5 Ng4 14. Bf4 Qd4+ 15. Kh1 Bb7 16. Bxb7 Rxb7 17. h3 Nh6 18. g4 Qxb2 19. Nb1 Qd4 20. Nc3 g5 21. Bg3 Rb6 22. Ne4 f5 23. exf6 Bxf6 24. Bf2 Qd5 25. Bxc5 Rbb8 26. Bxf8 Rxf8 27. c4 bxc4 28. dxc4 Qb7 29. Qe2 Kg7 30. c5 Ng8 31. Qc4 Rc8 32. Qxe6 Rd8 33. Rxd8 Bxd8 34. Rd1 Be7 35. c6 Qb2 36. Ng3 Qf2 37. Qb3 Nf6 38. Qc3 Bb4 39. Nf5+ Kg6 40. Qd3 Kf7 41. c7 Qc5 42. Nd6+ Kg7 43. c8Q Qxc8 44. Nxc8 Bc5 45. Qf5 h6 46. Rc1 Bb6 47. Nxb6 1-0

[Event "IBCA-ol blind 14th"]
[Site "Chennai"]
[Date "2012.08.11"]
[Round "2.1"]
[White "Deville, Olivier"]
[Black "Magnusson, Jorgen"]
[Result "0-1"]
[WhiteElo "1976"]
[BlackElo "2273"]
[PlyCount "32"]
[EventDate "2012.08.10"]
[EventType "team-swiss"]
[EventRounds "9"]
[EventCountry "IND"]
[SourceTitle "CBM 149 Extra"]
[Source "ChessBase"]
[SourceDate "2012.08.24"]
[SourceVersion "1"]
[SourceVersionDate "2012.08.24"]
[SourceQuality "1"]
[WhiteTeam "France"]
[BlackTeam "Sweden"]
[WhiteTeamCountry "FRA"]
[BlackTeamCountry "SWE"]

1. Nf3 f5 2. c4 Nf6 3. g3 d6 4. Bg2 e5 5. d3 Be7 6. 0-0 0-0 7. b4 a5 8. b5 Qe8 9. c5 Qxb5 10. cxd6 cxd6 11. Nc3 Qe8 12. Ng5 Nc6 13. Qb3+ Kh8 14. Ne6 Bxe6 15. Qxe6 Nd4 16. Qc4 Rc8 0-1

[Event "IBCA-ol blind 13th"]
[Site "Heraklion"]
[Date "2008.10.25"]
[Round "6.1"]
[White "Pulvett Marin, Daniel Eduardo"]
[Black "Magnusson, Jorgen"]
[Result "0-1"]
[WhiteElo "2207"]
[BlackElo "2299"]
[PlyCount "86"]
[EventDate "2008.10.19"]
[EventType "team-swiss"]
[EventRounds "9"]
[EventCountry "GRE"]
[SourceTitle "EXT 2010"]
[Source "ChessBase"]
[SourceDate "2010.11.25"]
[SourceVersion "1"]
[SourceVersionDate "2010.11.25"]
[SourceQuality "1"]
[WhiteTeam "Venezuela (blind)"]
[BlackTeam "Sweden (blind)"]
[WhiteTeamCountry "VEN"]
[BlackTeamCountry "SWE"]

1. e4 d6 2. d4 g6 3. Nc3 Nf6 4. Be2 Bg7 5. h4 c5 6. d5 h5 7. f3 a6 8. a4 Nbd7 9. Nh3 Qc7 10. Nf2 Ne5 11. Bg5 b6 12. Qd2 Bb7 13. 0-0 Nh7 14. Be3 Bf6 15. g3 Rf8 16. f4 Nd7 17. Bc4 Bg7 18. Rfe1 Nhf6 19. Kg2 Rh8 20. Qe2 Ng8 21. Rad1 Nh6 22. Bd2 Kf8 23. Nd3 Ng4 24. e5 dxe5 25. Kg1 Re8 26. Rf1 e4 27. Nxe4 b5 28. axb5 axb5 29. Bxb5 c4 30. Nb4 Qb6+ 31. Kg2 Qxb5 32. f5 Ndf6 33. fxg6 fxg6 34. Bc3 Kg8 35. Ng5 e5 36. Qf3 Rf8 37. Ne6 Rf7 38. Ng5 Rd7 39. Ra1 Rxd5 40. Kh3 Qd7 41. Nxd5 Ne3+ 42. Kh2 Nxf1+ 43. Qxf1 Ng4+ 0-1

[Event "IBCA-ol blind 13th"]
[Site "Heraklion"]
[Date "2008.10.23"]
[Round "5.1"]
[White "Ivanovic, Milan"]
[Black "Magnusson, Jorgen"]
[Result "0-1"]
[WhiteElo "1400"]
[BlackElo "2299"]
[PlyCount "76"]
[EventDate "2008.10.19"]
[EventType "team-swiss"]
[EventRounds "9"]
[EventCountry "GRE"]
[SourceTitle "EXT 2010"]
[Source "ChessBase"]
[SourceDate "2010.11.25"]
[SourceVersion "1"]
[SourceVersionDate "2010.11.25"]
[SourceQuality "1"]
[WhiteTeam "Montenegro (blind)"]
[BlackTeam "Sweden (blind)"]
[WhiteTeamCountry "MNE"]
[BlackTeamCountry "SWE"]

1. Nf3 c5 2. g3 Nc6 3. Bg2 g6 4. 0-0 Bg7 5. e4 e5 6. d3 Nge7 7. Nc3 0-0 8. Bg5 h6 9. Be3 Nd4 10. Ne2 d5 11. c3 Ne6 12. c4 d4 13. Bd2 f5 14. b4 fxe4 15. dxe4 cxb4 16. Bxb4 Rf7 17. Qd3 Nc6 18. Ba3 Bf8 19. Bxf8 Qxf8 20. Ne1 Nc5 21. Qa3 Be6 22. Rc1 Rd8 23. Nd3 Nxd3 24. Qxd3 Qc5 25. a3 Na5 26. Rc2 Bxc4 27. Rxc4 Qxc4 28. Qd2 Nc6 29. Rc1 Qe6 30. Qxh6 Qf6 31. f4 d3 32. Nc3 Ne7 33. Nd5 Nxd5 34. exd5 e4 35. Bh3 d2 36. Rd1 Rxd5 37. f5 gxf5 38. Qf4 Qd4+ 0-1

[Event "IBCA-ol blind 13th"]
[Site "Heraklion"]
[Date "2008.10.19"]
[Round "1.1"]
[White "Magnusson, Jorgen"]
[Black "Isaacs, William Samuel"]
[Result "1-0"]
[WhiteElo "2299"]
[BlackElo "1400"]
[PlyCount "37"]
[EventDate "2008.10.19"]
[EventType "team-swiss"]
[EventRounds "9"]
[EventCountry "GRE"]
[SourceTitle "EXT 2010"]
[Source "ChessBase"]
[SourceDate "2010.11.25"]
[SourceVersion "1"]
[SourceVersionDate "2010.11.25"]
[SourceQuality "1"]
[WhiteTeam "Sweden (blind)"]
[BlackTeam "South Africa (blind)"]
[WhiteTeamCountry "SWE"]
[BlackTeamCountry "RSA"]

1. e4 b6 2. d4 Bb7 3. Bd3 Nf6 4. Qe2 e6 5. Nf3 d5 6. e5 Ne4 7. Nbd2 Nxd2 8. Bxd2 c5 9. c3 c4 10. Bc2 Be7 11. h4 Qd7 12. Rh3 Nc6 13. Rg3 g6 14. Ng5 0-0 15. Nxh7 Kxh7 16. Qh5+ Kg8 17. Rxg6+ fxg6 18. Qxg6+ Kh8 19. Qh7# 1-0

[Event "SWE-chT 0708"]
[Site "Sweden"]
[Date "2008.01.12"]
[Round "6"]
[White "Magnusson, Jorgen"]
[Black "Bator, Robert"]
[Result "0-1"]
[WhiteElo "2308"]
[BlackElo "2405"]
[PlyCount "42"]
[EventDate "2007.10.19"]
[EventType "team-tourn"]
[EventRounds "11"]
[EventCountry "SWE"]
[SourceTitle "EXT 2009"]
[Source "ChessBase"]
[SourceDate "2008.11.26"]
[SourceVersion "1"]
[SourceVersionDate "2008.11.26"]
[SourceQuality "1"]
[WhiteTeam "Upsala"]
[BlackTeam "Stockholm Rockaden"]
[WhiteTeamCountry "SWE"]
[BlackTeamCountry "SWE"]

1. e4 c5 2. Nf3 Nc6 3. c3 d5 4. exd5 Qxd5 5. d4 Nf6 6. dxc5 Qxd1+ 7. Kxd1 Bg4 8. Be3 Nd5 9. Bd2 e6 10. b4 a5 11. Bb5 Be7 12. a3 Bf6 13. Ra2 0-0 14. Bc4 Rfd8 15. Kc1 Bf5 16. Bxd5 Rxd5 17. c4 Rd3 18. b5 Rb3 19. Rc2 Nb4 20. axb4 Rxb1+ 21. Kxb1 axb4 0-1

[Event "SWE-chT 0708"]
[Site "Sweden"]
[Date "2007.11.17"]
[Round "4"]
[White "Magnusson, Jorgen"]
[Black "Landgren, Andreas"]
[Result "1-0"]
[WhiteElo "2308"]
[BlackElo "2213"]
[PlyCount "81"]
[EventDate "2007.10.19"]
[EventType "team-tourn"]
[EventRounds "11"]
[EventCountry "SWE"]
[SourceTitle "EXT 2009"]
[Source "ChessBase"]
[SourceDate "2008.11.26"]
[SourceVersion "1"]
[SourceVersionDate "2008.11.26"]
[SourceQuality "1"]
[WhiteTeam "Upsala"]
[BlackTeam "Solna"]
[WhiteTeamCountry "SWE"]
[BlackTeamCountry "SWE"]

1. e4 c5 2. Nf3 d6 3. d4 cxd4 4. Nxd4 Nf6 5. Nc3 a6 6. Be2 e6 7. Be3 Be7 8. Qd2 Nc6 9. 0-0-0 0-0 10. f4 Bd7 11. g4 Nxd4 12. Qxd4 Bc6 13. g5 Nd7 14. h4 b5 15. Rhg1 Qa5 16. h5 b4 17. h6 e5 18. Nd5 exd4 19. Nxe7+ Kh8 20. hxg7+ Kxg7 21. Bxd4+ Ne5 22. Nxc6 Qa4 23. Ne7 Rfe8 24. fxe5 dxe5 25. Nf5+ Kh8 26. b3 Qc6 27. Bb2 Qxe4 28. Bd3 Qf4+ 29. Kb1 Rad8 30. Rdf1 Qd2 31. Nh6 Rd5 32. Nxf7+ Kg7 33. g6 h6 34. Bc1 Qc3 35. Bxh6+ Kg8 36. Bc4 Qd4 37. Bxd5 Qxd5 38. Bg5 Rc8 39. Bf6 Qe4 40. Nh6+ Kf8 41. g7+ 1-0

[Event "SWE-chT 0708"]
[Site "Sweden"]
[Date "2007.10.19"]
[Round "1"]
[White "Nylen, Anders"]
[Black "Magnusson, Jorgen"]
[Result "1/2-1/2"]
[WhiteElo "2239"]
[BlackElo "2308"]
[PlyCount "129"]
[EventDate "2007.10.19"]
[EventType "team-tourn"]
[EventRounds "11"]
[EventCountry "SWE"]
[SourceTitle "EXT 2009"]
[Source "ChessBase"]
[SourceDate "2008.11.26"]
[SourceVersion "1"]
[SourceVersionDate "2008.11.26"]
[SourceQuality "1"]
[WhiteTeam "Limhamn"]
[BlackTeam "Upsala"]
[WhiteTeamCountry "SWE"]
[BlackTeamCountry "SWE"]

1. d4 f5 2. e4 fxe4 3. Nc3 Nf6 4. f3 d5 5. fxe4 dxe4 6. Bc4 Nc6 7. Nge2 Na5 8. Bb3 Nxb3 9. axb3 g6 10. Bg5 Bg7 11. Bxf6 exf6 12. Nxe4 f5 13. Nf2 0-0 14. 0-0 c5 15. dxc5 Bxb2 16. Ra2 Bg7 17. Nd3 Qe7 18. Kh1 Bd7 19. Nef4 Bc6 20. Qe1 Qxe1 21. Rxe1 Bc3 22. Re6 Rfe8 23. Rd6 Kf7 24. Kg1 a6 25. Nd5 Bd4+ 26. Kf1 Rad8 27. Rxd8 Rxd8 28. N5b4 Be4 29. c6 bxc6 30. Rxa6 Rd6 31. g3 Ke7 32. Ra4 Bf3 33. Ne1 Be4 34. Ned3 Kd7 35. Ke2 Kc7 36. Nf4 Kb7 37. Nbd3 Kb6 38. Ra8 g5 39. Nh3 Rh6 40. Nxg5 Rxh2+ 41. Kd1 Bg2 42. Rb8+ Ka6 43. Nf4 h6 44. Nxg2 hxg5 45. Ne1 Be5 46. Ra8+ Kb6 47. Nf3 Rh1+ 48. Ke2 Bf6 49. Rb8+ Kc5 50. Rf8 Rh6 51. Nxg5 Kd4 52. Nf3+ Kc3 53. Rc8 Be7 54. Rc7 Re6+ 55. Kf2 Bc5+ 56. Kf1 Kxc2 57. b4 Be3 58. Rf7 Kb3 59. Rxf5 Kxb4 60. Re5 Rxe5 61. Nxe5 c5 62. Ke2 Bh6 63. Kd3 Bg7 64. Nc4 Bf6 65. g4 1/2-1/2

[Event "IBCA Wch blind 11th"]
[Site "Goa"]
[Date "2006.10.16"]
[Round "7"]
[White "Magnusson, Jorgen"]
[Black "Zsiltzova Lisenko, Lubov"]
[Result "0-1"]
[WhiteElo "2315"]
[BlackElo "2284"]
[PlyCount "86"]
[EventDate "2006.10.09"]
[EventType "swiss"]
[EventRounds "9"]
[EventCountry "IND"]
[SourceTitle "CBM 114 Extra"]
[Source "ChessBase"]
[SourceDate "2006.11.03"]
[SourceVersion "1"]
[SourceVersionDate "2006.11.03"]
[SourceQuality "1"]

1. e4 c5 2. Nf3 d6 3. d4 cxd4 4. Nxd4 Nf6 5. Nc3 a6 6. Be2 e5 7. Nb3 Be7 8. Bg5 Nbd7 9. Qd3 0-0 10. 0-0-0 b5 11. a3 Bb7 12. h4 a5 13. Qxb5 Bxe4 14. Nxe4 Nxe4 15. Be3 a4 16. Nd2 Nef6 17. g4 d5 18. g5 Ra5 19. gxf6 Rxb5 20. fxe7 Qxe7 21. Bxb5 d4 22. Ne4 Nb6 23. Bd2 Qe6 24. Kb1 f5 25. Ng3 Qd5 26. Be2 f4 27. Nh5 g6 28. Rhg1 Kf7 29. Nxf4 exf4 30. Rg5 Qe4 31. Re1 Kg7 32. f3 Qc6 33. Bb4 Re8 34. Bc5 Nd5 35. Bxd4+ Kh6 36. Be5 Ne3 37. Bxf4 Qxc2+ 38. Ka1 Kg7 39. Bb5 Nd1 40. Rxd1 Qxd1+ 41. Ka2 Qb3+ 42. Kb1 Re1+ 43. Bc1 Qe3 0-1

[Event "IBCA Wch blind 11th"]
[Site "Goa"]
[Date "2006.10.15"]
[Round "6"]
[White "Smirnov, Sergei"]
[Black "Magnusson, Jorgen"]
[Result "1-0"]
[WhiteElo "2288"]
[BlackElo "2315"]
[PlyCount "80"]
[EventDate "2006.10.09"]
[EventType "swiss"]
[EventRounds "9"]
[EventCountry "IND"]
[SourceTitle "CBM 114 Extra"]
[Source "ChessBase"]
[SourceDate "2006.11.03"]
[SourceVersion "1"]
[SourceVersionDate "2006.11.03"]
[SourceQuality "1"]

1. Nf3 f5 2. c4 Nf6 3. g3 e6 4. Bg2 d5 5. 0-0 Bd6 6. d4 c6 7. b3 Qe7 8. Bb2 b6 9. Nbd2 Bb7 10. Rc1 0-0 11. Ne5 Na6 12. Ndf3 Rac8 13. Nd3 Rfd8 14. e3 c5 15. Qe2 Nc7 16. Rfd1 a5 17. dxc5 bxc5 18. Nfe5 Nce8 19. Nf4 Bb8 20. Qe1 Bc7 21. Nfd3 Bb6 22. Qe2 Nc7 23. g4 Nce8 24. gxf5 exf5 25. cxd5 Bxd5 26. Bxd5+ Nxd5 27. Qf3 Qe6 28. Nc4 Bc7 29. h3 Bb8 30. Nxa5 Ndf6 31. Nb7 Rd5 32. Ndxc5 Qf7 33. Rxd5 Nxd5 34. Rd1 Qg6+ 35. Qg2 Qxg2+ 36. Kxg2 Nef6 37. a3 Re8 38. b4 f4 39. e4 Nb6 40. Bxf6 gxf6 1-0

[Event "IBCA Wch blind 11th"]
[Site "Goa"]
[Date "2006.10.10"]
[Round "2"]
[White "Mlacnik, Franc"]
[Black "Magnusson, Jorgen"]
[Result "0-1"]
[WhiteElo "2128"]
[BlackElo "2315"]
[PlyCount "74"]
[EventDate "2006.10.09"]
[EventType "swiss"]
[EventRounds "9"]
[EventCountry "IND"]
[SourceTitle "CBM 114 Extra"]
[Source "ChessBase"]
[SourceDate "2006.11.03"]
[SourceVersion "1"]
[SourceVersionDate "2006.11.03"]
[SourceQuality "1"]

1. d4 f5 2. e4 fxe4 3. Nc3 Nf6 4. Bg5 Nc6 5. d5 Ne5 6. Qd4 Nf7 7. Bxf6 exf6 8. Qxe4+ Qe7 9. 0-0-0 Qxe4 10. Nxe4 f5 11. Ng3 g6 12. Re1+ Kd8 13. Bd3 Bg7 14. Nf3 b5 15. h4 Rb8 16. h5 Rb6 17. hxg6 hxg6 18. Rxh8+ Bxh8 19. Rh1 Bf6 20. Rh7 Ke8 21. Nh4 Bd4 22. Ngxf5 gxf5 23. Bxf5 Rh6 24. Rxh6 Nxh6 25. Bg6+ Ke7 26. f3 Bb7 27. Be4 Kd6 28. c3 Bf2 29. Ng6 Bxd5 30. Bxd5 Kxd5 31. Nf4+ Kd6 32. Kc2 Bg3 33. Ne2 Nf5 34. Kd3 Ke5 35. b3 c5 36. c4 b4 37. Kc2 Nd4+ 0-1

[Event "IBCA Wch blind 11th"]
[Site "Goa"]
[Date "2006.10.09"]
[Round "1"]
[White "Magnusson, Jorgen"]
[Black "Saez Gabikagogeaskoa, Oscar"]
[Result "1-0"]
[WhiteElo "2315"]
[BlackElo "2006"]
[PlyCount "59"]
[EventDate "2006.10.09"]
[EventType "swiss"]
[EventRounds "9"]
[EventCountry "IND"]
[SourceTitle "CBM 114 Extra"]
[Source "ChessBase"]
[SourceDate "2006.11.03"]
[SourceVersion "1"]
[SourceVersionDate "2006.11.03"]
[SourceQuality "1"]

1. d4 Nf6 2. Bf4 c5 3. dxc5 Nc6 4. Nc3 e5 5. Bg5 Bxc5 6. e3 0-0 7. Bc4 a6 8. Nge2 b5 9. Bb3 Be7 10. Qd2 b4 11. Na4 Qc7 12. Bxf6 Bxf6 13. 0-0 d6 14. Rfd1 Be7 15. Bd5 Be6 16. b3 Rab8 17. Rac1 Rb5 18. c4 Rbb8 19. Ng3 Bg4 20. Rf1 Kh8 21. Qd3 g6 22. c5 Rb5 23. Qc4 Be6 24. Bxe6 Na5 25. Qd5 fxe6 26. Qxe6 Rf6 27. cxd6 Qxd6 28. Rc8+ Kg7 29. Rg8+ Kh6 30. Qh3+ 1-0

[Event "IBCA World Cup 5th"]
[Site "Eretria"]
[Date "2005.07.20"]
[Round "8.1"]
[White "Magnusson, Jorgen"]
[Black "Dukaczewski, Piotr"]
[Result "1-0"]
[WhiteElo "2310"]
[BlackElo "2347"]
[PlyCount "129"]
[EventDate "2005.07.13"]
[EventType "team"]
[EventRounds "8"]
[EventCountry "GRE"]
[SourceTitle "EXT 2006"]
[Source "ChessBase"]
[SourceDate "2005.11.24"]
[SourceVersion "1"]
[SourceVersionDate "2005.11.24"]
[SourceQuality "1"]

1. e4 c5 2. Nf3 Nc6 3. Nc3 d6 4. d4 cxd4 5. Nxd4 Nf6 6. Be2 e5 7. Nb3 Be7 8. Bg5 0-0 9. Bxf6 Bxf6 10. Qd3 Be6 11. 0-0-0 Rc8 12. Qxd6 Qxd6 13. Rxd6 Rfe8 14. Rdd1 a6 15. Bd3 Nd4 16. Kb1 Red8 17. Nxd4 Rxd4 18. Ne2 Rd6 19. Nc1 Rcd8 20. Be2 Kf8 21. Rxd6 Rxd6 22. Rd1 Ke7 23. Rxd6 Kxd6 24. b3 Bd8 25. Nd3 f5 26. f3 g6 27. Nb2 Bd7 28. c3 Bc6 29. Bd3 Ke6 30. Kc2 Bb6 31. Bc4+ Kd6 32. exf5 gxf5 33. Bg8 Bg1 34. Nc4+ Ke7 35. Nxe5 Bxh2 36. Nxc6+ bxc6 37. Bxh7 f4 38. Kd3 Kd6 39. Ke4 a5 40. b4 axb4 41. cxb4 c5 42. b5 Kc7 43. Ke5 Kb6 44. Bd3 Bg3 45. a4 c4 46. Bxc4 Ka5 47. Bb3 Kb6 48. Be6 Ka5 49. Bd7 Kb6 50. Be8 Ka5 51. Bg6 Kb6 52. Bd3 Ka5 53. Bf1 Kb6 54. Kd5 Bf2 55. Ke4 Bg3 56. Kd5 Bf2 57. g4 fxg3 58. f4 Be1 59. f5 Bc3 60. Ke6 Ka5 61. f6 Bd4 62. f7 Bc5 63. Kd7 Bb4 64. Ke8 Kxa4 65. b6 1-0

[Event "IBCA World Cup 5th"]
[Site "Eretria"]
[Date "2005.07.14"]
[Round "2.1"]
[White "Trkaljanov, Vladimir"]
[Black "Magnusson, Jorgen"]
[Result "1/2-1/2"]
[WhiteElo "2246"]
[BlackElo "2310"]
[PlyCount "108"]
[EventDate "2005.07.13"]
[EventType "team"]
[EventRounds "8"]
[EventCountry "GRE"]
[SourceTitle "EXT 2006"]
[Source "ChessBase"]
[SourceDate "2005.11.24"]
[SourceVersion "1"]
[SourceVersionDate "2005.11.24"]
[SourceQuality "1"]

1. e4 c6 2. d4 d5 3. e5 Bf5 4. Nc3 e6 5. g4 Bg6 6. Nge2 f6 7. h4 fxe5 8. h5 Bf7 9. dxe5 Nd7 10. f4 Qb6 11. Nd4 0-0-0 12. Nb3 c5 13. a4 a6 14. Qf3 Ne7 15. Bd2 Nc6 16. 0-0-0 Qc7 17. Be1 Nb6 18. a5 Nd7 19. Kb1 c4 20. Nd4 Nxd4 21. Rxd4 Qxa5 22. Bg2 Qc7 23. Bh4 Re8 24. f5 Nxe5 25. Qd1 Qb6 26. fxe6 Bxe6 27. Bxd5 Bb4 28. Na4 Qc7 29. Bg3 b5 30. Nb6+ Qxb6 31. Bxe5 Bc5 32. Bxe6+ Rxe6 33. Rd5 Rhe8 34. Bxg7 Bf2 35. Bd4 Bxd4 36. Rxd4 Re2 37. Rd2 R2e4 38. Qf3 Qb7 39. Qf5+ R4e6 40. Rhd1 Qe7 41. Rd6 Kb8 42. Rxe6 Qxe6 43. Rd8+ Kc7 44. Qxe6 Rxe6 45. Rg8 h6 46. Kc1 Kd6 47. g5 hxg5 48. Rxg5 Re1+ 49. Kd2 Rh1 50. c3 Rh2+ 51. Kc1 Rh1+ 52. Kc2 Rh2+ 53. Kb1 Kc6 54. Rg6+ Kc5 1/2-1/2

[Event "IBCA World Cup 5th"]
[Site "Eretria"]
[Date "2005.07.13"]
[Round "1.1"]
[White "Magnusson, Jorgen"]
[Black "Palacios Perez, Manuel"]
[Result "1-0"]
[WhiteElo "2310"]
[BlackElo "2248"]
[PlyCount "71"]
[EventDate "2005.07.13"]
[EventType "team"]
[EventRounds "8"]
[EventCountry "GRE"]
[SourceTitle "EXT 2006"]
[Source "ChessBase"]
[SourceDate "2005.11.24"]
[SourceVersion "1"]
[SourceVersionDate "2005.11.24"]
[SourceQuality "1"]

1. e4 c5 2. Nf3 d6 3. d4 cxd4 4. Nxd4 Nf6 5. Nc3 a6 6. Be2 e5 7. Nb3 Be7 8. Bg5 Be6 9. Bxf6 Bxf6 10. Qd3 Nc6 11. 0-0-0 Nd4 12. Nxd4 exd4 13. Nd5 Bxd5 14. exd5 0-0 15. Qf3 Be5 16. Bd3 Qg5+ 17. Kb1 f5 18. g3 Rae8 19. Rhe1 g6 20. Qh1 f4 21. h4 Qh5 22. g4 Qxg4 23. Rg1 Qh5 24. Rg5 Qh6 25. Rdg1 Rf6 26. h5 Kf8 27. Qf3 Re7 28. hxg6 hxg6 29. a3 Rh7 30. Bxg6 Qh3 31. Qd1 Rh6 32. Be4 f3 33. Qe1 Qd7 34. Rg8+ Ke7 35. Qd2 Bf4 36. R1g7+ 1-0

[Event "IBCA-ol blind 10th"]
[Site "Laguna"]
[Date "1996.06.03"]
[Round "3.1"]
[White "Magnusson, Jorgen"]
[Black "Krylov, Sergey"]
[Result "0-1"]
[WhiteElo "2300"]
[BlackElo "2305"]
[PlyCount "110"]
[EventDate "1996.06.01"]
[EventType "team-swiss"]
[EventRounds "9"]
[EventCountry "BRA"]
[SourceTitle "EXT 2010"]
[Source "ChessBase"]
[SourceDate "2010.11.25"]
[SourceVersion "1"]
[SourceVersionDate "2010.11.25"]
[SourceQuality "1"]
[WhiteTeam "Sweden (blind)"]
[BlackTeam "Russia (blind)"]
[WhiteTeamCountry "SWE"]
[BlackTeamCountry "RUS"]

1. d4 Nf6 2. Bf4 g6 3. Nf3 Bg7 4. e3 0-0 5. h3 c5 6. c3 cxd4 7. exd4 d6 8. Be2 Be6 9. Nbd2 Qb6 10. Qc2 Rc8 11. 0-0 Nc6 12. Nc4 Qd8 13. Ne3 Nh5 14. Bh2 Nxd4 15. Nxd4 Bxd4 16. Bxh5 gxh5 17. Qe2 Bf6 18. Qxh5 Rc5 19. Qe2 Kh8 20. Rad1 Qb6 21. Rd2 Rg8 22. Kh1 Qc6 23. f3 a5 24. a3 b5 25. Qf2 Rh5 26. Nc2 Qb7 27. Nd4 Bc4 28. Ra1 e5 29. Nc2 Bh4 30. Qg1 Bd5 31. Qd1 Rxg2 32. Rxd5 Rxc2 33. Qxc2 Qxd5 34. Qe4 Qxe4 35. fxe4 f5 36. exf5 Rxf5 37. Rd1 Be7 38. Rd5 b4 39. axb4 axb4 40. cxb4 Rf2 41. b5 Rxb2 42. Bg1 Kg7 43. b6 Kf6 44. Rd3 Ke6 45. Rc3 Bd8 46. Rc8 Bxb6 47. Bxb6 Rxb6 48. Rc7 e4 49. Rxh7 Kd5 50. Kg2 Kd4 51. h4 d5 52. h5 Ke3 53. Rg7 d4 54. Rg6 Rb2+ 55. Kg3 d3 0-1